| 000 | 00881nas a2200277 4500 | ||
|---|---|---|---|
| 001 | BR9203470 | ||
| 003 | BR-BrBNA | ||
| 005 | 20231205092641.0 | ||
| 007 | ta | ||
| 008 | 230509b bl.|||p| |||| 00| 00por d | ||
| 040 |
_aBR-BrBNA _bpor _cBiblioteca Nacional de Agricultura |
||
| 041 | _a(Pt) | ||
| 072 | _aH20 | ||
| 100 | 1 | _aBarros, B.C. | |
| 100 | 1 | _aSalgado, C.L. | |
| 100 | 1 | _aOliveira, D.A. | |
| 100 | 1 | _aRuiz, E.L.A. | |
| 245 | 1 | _aEfeito da inoculacao artificial de Helminthosporium sativum (Pan.)King e Bakke em plantas de trigo em diferentes estagios de desenvolvimento | |
| 650 | _aTRIGO | ||
| 650 | _aFUNGO | ||
| 650 | _aMANCHA MARROM | ||
| 650 | _aHELMINTOSPORIOSE | ||
| 773 | 0 |
_tArquivos do Instituto Biologico (Brazil) _xISSN 0020-3653 _g(Jan-Dec 1989), v. 56(1-2) p. 75-77 _wBR9203470 |
|
| 909 |
_a202311 _bLúcia _c55 _dLúcia Elande |
||
| 942 |
_2AGRIS _n0 _cANA |
||
| 999 |
_c133150 _d133150 |
||